Statistics for Famous Doctors Quiz

Click here to take the quiz!

General Stats

  • This quiz has been taken 31,012 times
    (14,536 since last reset)
  • The average score is 14 of 22

Answer Stats

ClueDoctor% Correct
Sherlock's sidekickDr. Watson
89%
Hugh Laurie characterDr. House
86%
Mr. Hyde's alter egoDr. Jekyll
86%
Long-running BBC sci-fi seriesDoctor Who
85%
"Cat in the Hat"Dr. Seuss
83%
Doctor who talks to animalsDoctor Dolittle
82%
It's alive!Dr. Frankenstein
73%
The first Bond villainDr. No
72%
"The Chronic" rapperDr. Dre
71%
Oprah psychologistDr. Phil
70%
Austin Powers's nemesisDr. Evil
70%
Brand of durable British footwearDoc Martens
62%
Mr. Pibb alternativeDr. Pepper
55%
Medicine WomanDr. Quinn
54%
KISS: They call me ______ ____Dr. Love
50%
Presumably, Stanley found himDr. Livingstone
48%
Orthotics namesakeDr. Scholl
43%
"Baby and Child Care" authorDr. Spock
42%
1.21 gigawatts? Great Scott!Doc Brown
42%
Assisted suicide docDr. Kevorkian
41%
Nintendo pill-pushing gameDr. Mario
33%
Islander who created human/
animal hybrids
Dr. Moreau
30%

Score Distribution

Percentile by Number Answered

Percent of People with Each Score

Your Score History

You have not taken this quiz since the last reset